Cuba en el campo de la organización internacional para el libro juvenil: IBBY (Record no. 65324)

MARC details
000 -CABECERA
campo de control de longitud fija 00621nam a2200229 a 4500
005 - FECHA Y HORA DE LA ÚLTIMA TRANSACCIÓN
campo de control 20210219152958.0
008 - ELEMENTOS DE LONGITUD FIJA--INFORMACIÓN GENERAL
campo de control de longitud fija 991125n 000 0 u
035 ## - NÚMERO DE CONTROL DEL SISTEMA
Número de control de sistema UPN01000070320
100 ## - ASIENTO PRINCIPAL--NOMBRE PERSONAL
Nombre de persona ELIZAGARAY, Alga Marina
222 ## - TÍTULO CLAVE
Título clave EDUCACIÓN
245 ## - MENCIÓN DE TÍTULO
Título Cuba en el campo de la organización internacional para el libro juvenil: IBBY
260 ## - PUBLICACIÓN, DISTRIBUCIÓN, ETC.
Lugar de publicación, distribución, etc. CUBA
300 ## - DESCRIPCIÓN FÍSICA
Extensión 62-67
362 ## - FECHAS DE PUBLICACIÓN Y/O DESIGNACIÓN SECUENCIAL
Fecha de publicación y/o designación secuencial 1987 Año 17, no. 67, oct.-dic.
653 0# - TERMINO DE INDIZACION - NO CONTROLADO
Término no controlado IBBY
653 0# - TERMINO DE INDIZACION - NO CONTROLADO
Término no controlado LIBRO
653 0# - TERMINO DE INDIZACION - NO CONTROLADO
Término no controlado LIBROS INFANTILES
653 0# - TERMINO DE INDIZACION - NO CONTROLADO
Término no controlado LITERATURA INFANTIL
653 0# - TERMINO DE INDIZACION - NO CONTROLADO
Término no controlado LITERATURA JUVENIL
904 ## - ELEMENTOS DE DATOS D LOCAL, LDD (RLIN)
a AC
b 008131
905 ## - TIPO DE MATERIAL
Tipo de material Articulo

No items available.